Cooperacin̤ judicial civil en la Unin̤ Europea el cobro de las deudas /

Bibliographic Details
Main Author: Otero Garca̕-Castrilln̤, Carmen
Format: Unknown
Language:Spanish
Published: Madrid : Dykinson, 2007
Online Access:Acceso restringido

MARC

LEADER 00000ny a22000003n 4500
005 20110620115719.0
006 m u
007 cr cn|||||||||
008 200806r20072008sp |||||s|||||||||||spa d
020 |a 9788498490350 
035 |a 2302 
040 |a FlNmELB  |c FlNmELB  |d vlex 
050 1 4 |a KJE3795  |b O874 2007eb 
080 |a 343.13:347 
090 |c 1383  |d 1383 
100 1 |a Otero Garca̕-Castrilln̤, Carmen 
245 1 0 |a Cooperacin̤ judicial civil en la Unin̤ Europea  |h [Recurso electrn̤ico]  |b el cobro de las deudas /  |c Carmen Otero Garca̕-Castrilln̤ 
256 |a Servicio en ln̕ea 
260 |a Madrid :  |b Dykinson,  |c 2007 
300 |a [11]-208 p 
506 1 |a Contenido solo disponible en los productos indicados  |d vLex Global  |d vLex Global (Academic Edition, excluding Law Schools)  |d vLex Global (U.S. Academic Edition, Law Schools)  |d vLex Global (U.S. Academic Edition, excluding Law Schools)  |d vLex Global (Academic Edition, Law Schools) 
740 0 |a vLex Libros (Servicios en ln̕ea) 
856 4 0 |z Acceso restringido  |u http://vlex.com/source/2302 
942 |c BOOK